One Piece- Retrouve le personnage grâce à un de ses pouvoirs - Statistiques

Statistiques générales
  • Ce quiz a été pris 146 fois
  • Le résultat moyen est 21 sur 30
Statistiques - réponses
Son Fruit du Démon lui permet entre autres de... Personnage % Correct
...changer les gens en pierre Boa Hancock
96%
...déplacer une ombre dans un corps Gecko Moria
93%
...changer le sexe d'une personne biologiquement Emporio Ivankov
92%
...faire pousser des membres sur n'importe quellesurface Nico Robin
90%
...faire chuter un astéroïde depuis l'espace Fujitora
88%
...garder des gens à l'intérieur de son corps-château Capone Gang Bege
87%
...changer quelqu'un en enfant en modifiant son âge Jewerly Bonney
87%
...découper quelqu'un et faire ce qu'il veut des morceauxsans le tuer Trafalgar D.Waterlaw
87%
...rendre les gens dépressifs grâce à des spectresde négativité Perona
85%
...prélever des morceaux d'âme pour animer des objets Big Mom
83%
...détacher son âme de son corps pour devenirun fantôme Brook
79%
...pouvoir accéder à la dimension des miroirs Charlotte Brûlée
79%
...contrôler un bâtiment en pierre Pica
79%
...créer des portes communicantes entre deux endroits Blueno
74%
...couper une partie des souvenirs d'une personne Charlotte Pudding
74%
...pouvoir vider les êtres vivants de leur eau en lesasséchant Crocodile
73%
...retenir toutes les connaissances possibles Vegapunk
73%
...faire apparaître des lames sur tout son corps Daz Bones
68%
...voler en s'accrochant aux nuages Donquichotte Doflamingo
64%
...faire pousser de manière abondante les végétaux Ryokugyu
64%
...raréfier l'oxygène dans l'air pour faire s'évanouirses adversaires Cesar Clown
60%
...faire prisonnier des êtres vivants entre les pagesd'un livre Charlotte Mont d'Or
58%
...stocker des éléments dans des rouleaux Raizo
50%
...générer des bombes en compressant l'air entre ses mains Bartolomew Kuma
48%
...neutraliser ses adversaires en suçant leur sang Buckingham Stussy
48%
...faire apparaître un génie de la lampe Charlotte Daifuku
48%
...rendre docile des animaux Tama
46%
...voir à travers la matière Riku Viola
44%
...parler avec quelqu'un sans que personne d'autre neles entende Donquichotte Rossinante
38%
...matérialiser les pires cauchemars des gens Limoshiv Killingham
27%
Aucun quiz correspondant
Distribution des résultats
% des personnes avec chaque résultat
Percentile par nombre de réponses
Votre historique - résultats
Vous n’avez pas pris ce quiz